<?xml version="1.0" encoding="UTF-8"?>
<collection xmlns="http://www.loc.gov/MARC21/slim">
 <record>
  <leader>01924nab a2200229 i 4500</leader>
  <controlfield tag="001">acta56850</controlfield>
  <controlfield tag="005">20260127141216.0</controlfield>
  <controlfield tag="008">190218s2017    hu      o     000   hun d</controlfield>
  <datafield tag="022" ind1=" " ind2=" ">
   <subfield code="a">0324-6965</subfield>
  </datafield>
  <datafield tag="040" ind1=" " ind2=" ">
   <subfield code="a">SZTE Egyetemi Kiadványok Repozitórium</subfield>
   <subfield code="b">hun</subfield>
  </datafield>
  <datafield tag="041" ind1=" " ind2=" ">
   <subfield code="a">hun</subfield>
  </datafield>
  <datafield tag="041" ind1=" " ind2=" ">
   <subfield code="a">eng</subfield>
  </datafield>
  <datafield tag="100" ind1="1" ind2=" ">
   <subfield code="a">Zakar Péter</subfield>
  </datafield>
  <datafield tag="245" ind1="1" ind2="0">
   <subfield code="a">Magyarkanizsa az 1848/49-es forradalom és szabadságharc időszakában</subfield>
   <subfield code="h">[elektronikus dokumentum] /</subfield>
   <subfield code="c"> Zakar Péter</subfield>
  </datafield>
  <datafield tag="260" ind1=" " ind2=" ">
   <subfield code="a">University of Szeged,  Magyar Medievisztikai Kutatócsoport</subfield>
   <subfield code="b">Szeged</subfield>
   <subfield code="c">2017</subfield>
  </datafield>
  <datafield tag="300" ind1=" " ind2=" ">
   <subfield code="a">105-120</subfield>
  </datafield>
  <datafield tag="490" ind1="0" ind2=" ">
   <subfield code="a">Acta Universitatis Szegediensis : acta historica</subfield>
   <subfield code="v">140</subfield>
  </datafield>
  <datafield tag="520" ind1="3" ind2=" ">
   <subfield code="a">Magyarkanizsa is a market-town situated alongside the Tisza River lying south of the city of Szeged. The people living there, most of them Hungarians and a Serb minority, were pleased to hear the news of the Revolution. After the Serb uprising in the Délvidék the good relationship between Hungarians and Serbs came to an end by June 1848. Magyarkanizsa delegated István Zákó to the first Representative Parliament. At the end of 1848 Kanizsa was given the state of a borough. However, in the following year, first the Hungarians and then the Serbs were forced to escape from the town. On 26 August 1849 the whole settlement burnt down when the Hungarian army recaptured it. Imperial and Royal Lieutenant General Georg Ramberg could retake only the burnt ruins of the town on 5 Augustus 1849. As for the data given by György Popovics town-clerk “1206 buildings burnt down out of the 1331 houses and outhouses, and the remaining 105 houses, which the flames did not reach, were deprived of their windows, doors and fences.”</subfield>
  </datafield>
  <datafield tag="650" ind1=" " ind2="4">
   <subfield code="a">Bölcsészettudományok</subfield>
  </datafield>
  <datafield tag="650" ind1=" " ind2="4">
   <subfield code="a">Történettudomány és régészet</subfield>
  </datafield>
  <datafield tag="695" ind1=" " ind2=" ">
   <subfield code="a">Magyarország története - 1848-1849, Magyarkanizsa története</subfield>
  </datafield>
  <datafield tag="856" ind1="4" ind2="0">
   <subfield code="u">http://acta.bibl.u-szeged.hu/56850/1/historica_140_105-120.pdf</subfield>
   <subfield code="z">Dokumentum-elérés </subfield>
  </datafield>
 </record>
</collection>
